000 00766nam a2200229 a 4500
999 _c11630
_d11630
001 11630
003 BD-JhCC
005 20200712103813.0
008 200712b19821992bg a|||| ||a| 001 0 ben d
020 _a9840743244
035 _a(BD-JhCC)11630
040 _aBD-JhCC
_dBD-JhCC
041 _aben
082 _a590
_bKAB 1992
100 _aকবির, সৈয়দ মোহাম্মদ হুমায়ূন
245 _aসাধারণ প্রাণিবিদ্যা /
_cসৈয়দ মোহাম্মদ হুমায়ূন কবির ।
260 _aঢাকা:
_bবাংলা একাডেমি;
_c১৯৯২.
300 _a447 p. :
_bill;
_c22 cm.
650 _aZoology
942 _2ddc
_cBK